000 00436nam a2200145Ia 4500
008 220204s9999 xx 000 0 und d
082 _aNR:33
_bINT
245 0 _aIRSG Proceedings of the 32nd Assembly, Ottawa, Canada. 10-14 Sep 1990
260 _aLondon
_bIRSG
650 _aCanadian rubber industry
650 _aElastomers products
650 _aPapua New guinea rubber industry
650 _aThermoplastic elastomers
942 _cBK
999 _c40314
_d40314